[Event "12e Open de Quenza"]
[Site "Quenza"]
[Date "2023.07.23"]
[Round "4.5"]
[White "Maurizzi, Marc Andria"]
[Black "Pieri, Pierre-Louis"]
[Result "1-0"]
[BlackElo "2089"]
[WhiteElo "2556"]
[LiveChessVersion "1.4.6"]

1. d4 {[%clk 0:05:03]} d5 {[%clk 0:05:01]} 2. c4 {[%clk 0:05:00]} e6
{[%clk 0:05:01]} 3. Nf3 {[%clk 0:04:57]} c6 {[%clk 0:05:01]} 4. cxd5
{[%clk 0:04:46]} exd5 {[%clk 0:05:01]} 5. Nc3 {[%clk 0:04:46]} Nf6
{[%clk 0:04:51]} 6. Qc2 {[%clk 0:04:46]} Be7 {[%clk 0:04:39]} 7. Bf4
{[%clk 0:04:46]} O-O {[%clk 0:04:32]} 8. e3 {[%clk 0:04:46]} Nbd7
{[%clk 0:04:13]} 9. Bd3 {[%clk 0:04:46]} Re8 {[%clk 0:04:12]} 10. O-O
{[%clk 0:04:44]} Nf8 {[%clk 0:04:10]} 11. Ne5 {[%clk 0:04:44]} Nh5
{[%clk 0:03:51]} 12. Bg3 {[%clk 0:04:29]} Ng6 {[%clk 0:03:34]} 13. f4
{[%clk 0:04:19]} Nxg3 {[%clk 0:03:32]} 14. hxg3 {[%clk 0:04:19]} Bf6
{[%clk 0:02:50]} 15. b4 {[%clk 0:03:21]} Bxe5 {[%clk 0:02:35]} 16. dxe5
{[%clk 0:03:21]} Qb6 {[%clk 0:02:30]} 17. Qd2 {[%clk 0:02:32]} Qxb4
{[%clk 0:02:29]} 18. Rab1 {[%clk 0:02:32]} Qe7 {[%clk 0:02:00]} 19. Ne2
{[%clk 0:01:46]} f6 {[%clk 0:01:49]} 20. e4 {[%clk 0:01:34]} fxe5
{[%clk 0:01:41]} 21. f5 {[%clk 0:01:34]} Nf8 {[%clk 0:01:37]} 22. Nc3
{[%clk 0:01:31]} d4 {[%clk 0:01:02]} 23. Bc4+ {[%clk 0:01:31]} Kh8
{[%clk 0:01:02]} 24. Ne2 {[%clk 0:01:29]} Nd7 {[%clk 0:01:02]} 25. Bd3
{[%clk 0:00:43]} Nf6 {[%clk 0:01:02]} 26. Qg5 {[%clk 0:00:31]} b5
{[%clk 0:00:58]} 27. Rbc1 {[%clk 0:00:31]} Bd7 {[%clk 0:00:58]} 28. g4
{[%clk 0:00:28]} Qa3 {[%clk 0:00:57]} 29. Rf3 {[%clk 0:00:27]} Qe7
{[%clk 0:00:40]} 30. Qh4 {[%clk 0:00:27]} c5 {[%clk 0:00:38]} 31. g5
{[%clk 0:00:27]} Ng8 {[%clk 0:00:38]} 32. Ng3 {[%clk 0:00:18]} c4
{[%clk 0:00:38]} 33. f6 {[%clk 0:00:09]} gxf6 34. g6 cxd3 {[%clk 0:00:37]} 35.
Nh5 {[%clk 0:00:09]} d2 {[%clk 0:00:34]} 36. Rd1 {[%clk 0:00:09]} hxg6
{[%clk 0:00:27]} 37. Nxf6+ {[%clk 0:00:09]} Kg7 {[%clk 0:00:27]} 38. Qh7+
{[%clk 0:00:09]} 1-0

[Event "12e Open de Quenza"]
[Site "Quenza"]
[Date "2023.07.23"]
[Round "4.6"]
[White "Paoli, Guillaume"]
[Black "Travadon, Loic"]
[Result "0-1"]
[BlackElo "2463"]
[WhiteElo "1767"]
[LiveChessVersion "1.4.6"]

1. e4 {[%clk 0:05:03]} e5 {[%clk 0:05:03]} 2. Nf3 {[%clk 0:05:03]} d6
{[%clk 0:05:03]} 3. d4 {[%clk 0:05:03]} exd4 {[%clk 0:05:03]} 4. Nxd4
{[%clk 0:05:03]} Nf6 {[%clk 0:05:03]} 5. Nc3 {[%clk 0:05:03]} Be7
{[%clk 0:05:03]} 6. g3 {[%clk 0:05:03]} d5 {[%clk 0:05:03]} 7. e5
{[%clk 0:05:03]} Ng4 {[%clk 0:05:03]} 8. Bg2 {[%clk 0:04:43]} O-O
{[%clk 0:04:57]} 9. O-O {[%clk 0:04:38]} c5 {[%clk 0:04:57]} 10. Ndb5
{[%clk 0:04:29]} d4 {[%clk 0:04:57]} 11. Nd5 {[%clk 0:04:15]} Nc6
{[%clk 0:04:57]} 12. f4 {[%clk 0:03:36]} Nh6 {[%clk 0:04:45]} 13. a4
{[%clk 0:03:00]} Bg4 {[%clk 0:04:43]} 14. Qd3 {[%clk 0:02:44]} Bf5
{[%clk 0:04:38]} 15. Qe2 {[%clk 0:02:40]} Re8 {[%clk 0:04:08]} 16. Nxe7+
{[%clk 0:02:40]} Qxe7 {[%clk 0:04:08]} 17. Nd6 {[%clk 0:02:40]} Qxd6
{[%clk 0:04:07]} 0-1

[Event "12e Open de Quenza"]
[Site "Quenza"]
[Date "2023.07.23"]
[Round "4.7"]
[White "Glek, Igor"]
[Black "Stoenescu, Radu"]
[Result "1-0"]
[BlackElo "1997"]
[WhiteElo "2410"]
[LiveChessVersion "1.4.6"]

1. e4 {[%clk 0:05:03]} c5 {[%clk 0:05:03]} 2. Nf3 {[%clk 0:05:03]} d6
{[%clk 0:05:03]} 3. d4 {[%clk 0:05:03]} Nf6 {[%clk 0:05:03]} 4. Nc3
{[%clk 0:05:03]} cxd4 {[%clk 0:05:03]} 5. Nxd4 {[%clk 0:05:03]} a6
{[%clk 0:05:03]} 6. a4 {[%clk 0:05:03]} e5 {[%clk 0:05:02]} 7. Nf3
{[%clk 0:05:03]} Be7 {[%clk 0:04:55]} 8. Bg5 {[%clk 0:04:58]} Nbd7
{[%clk 0:04:49]} 9. Bc4 {[%clk 0:04:58]} b6 {[%clk 0:04:37]} 10. O-O
{[%clk 0:04:45]} Bb7 {[%clk 0:04:37]} 11. Qe2 {[%clk 0:04:45]} Qc7
{[%clk 0:04:06]} 12. Rfd1 {[%clk 0:04:38]} O-O {[%clk 0:04:03]} 13. Bxf6
{[%clk 0:04:23]} Nxf6 {[%clk 0:04:03]} 14. Nd5 {[%clk 0:04:23]} Nxd5
{[%clk 0:03:59]} 15. Bxd5 {[%clk 0:04:23]} Bxd5 {[%clk 0:03:22]} 16. Rxd5
{[%clk 0:04:23]} Rfc8 {[%clk 0:03:06]} 17. c3 {[%clk 0:04:23]} Qc4
{[%clk 0:03:06]} 18. Qxc4 {[%clk 0:04:16]} Rxc4 {[%clk 0:03:06]} 19. Nd2
{[%clk 0:04:16]} Rc5 {[%clk 0:02:59]} 20. Rxc5 {[%clk 0:04:16]} bxc5
{[%clk 0:02:56]} 21. Nc4 {[%clk 0:04:16]} g6 {[%clk 0:01:29]} 22. Rd1
{[%clk 0:04:16]} Rd8 {[%clk 0:01:29]} 23. Kf1 {[%clk 0:04:12]} f5
{[%clk 0:01:29]} 24. f3 {[%clk 0:04:08]} Kf7 {[%clk 0:01:29]} 25. Ke2
{[%clk 0:04:08]} Ke6 {[%clk 0:01:29]} 26. Ne3 {[%clk 0:04:01]} Rb8
{[%clk 0:01:28]} 27. Nc4 {[%clk 0:03:57]} fxe4 {[%clk 0:01:14]} 28. fxe4
{[%clk 0:03:57]} Rf8 {[%clk 0:01:14]} 29. g3 {[%clk 0:03:55]} h5 {[%clk 0:01:14]}
30. Rd3 {[%clk 0:03:47]} Rf7 {[%clk 0:01:14]} 31. Rf3 {[%clk 0:03:31]} Bf6
{[%clk 0:01:08]} 32. Kd3 {[%clk 0:03:23]} Rb7 {[%clk 0:01:06]} 33. Kc2
{[%clk 0:03:23]} Be7 {[%clk 0:01:06]} 34. Ne3 {[%clk 0:03:15]} Bg5
{[%clk 0:01:03]} 35. Nd5 {[%clk 0:03:15]} Rf7 {[%clk 0:00:44]} 36. Rxf7
{[%clk 0:03:13]} Kxf7 {[%clk 0:00:44]} 37. b4 {[%clk 0:02:59]} cxb4
{[%clk 0:00:30]} 38. cxb4 {[%clk 0:02:59]} Bd8 {[%clk 0:00:30]} 39. Kd3
{[%clk 0:02:59]} Ke6 {[%clk 0:00:28]} 40. Kc4 {[%clk 0:02:59]} Kd7
{[%clk 0:00:28]} 41. b5 {[%clk 0:02:59]} axb5+ {[%clk 0:00:25]} 42. Kxb5
{[%clk 0:02:59]} h4 {[%clk 0:00:12]} 43. gxh4 {[%clk 0:02:59]} Bxh4
{[%clk 0:00:12]} 44. Kb6 {[%clk 0:02:38]} Bf2+ {[%clk 0:00:12]} 45. Kb7
{[%clk 0:02:38]} g5 {[%clk 0:00:10]} 46. a5 {[%clk 0:02:35]} g4 {[%clk 0:00:10]}
47. a6 {[%clk 0:02:35]} Bc5 {[%clk 0:00:08]} 48. Nb6+ {[%clk 0:02:28]} 1-0

[Event "12e Open de Quenza"]
[Site "Quenza"]
[Date "2023.07.23"]
[Round "4.8"]
[White "Steil-Antoni, Fiona"]
[Black "Cristofari, Antoine"]
[Result "0-1"]
[BlackElo "2017"]
[WhiteElo "2159"]
[LiveChessVersion "1.4.6"]

1. e4 {[%clk 0:05:03]} e5 {[%clk 0:05:03]} 2. Bc4 {[%clk 0:05:03]} Nf6
{[%clk 0:05:03]} 3. d3 {[%clk 0:05:03]} Nc6 {[%clk 0:04:33]} 4. Nc3
{[%clk 0:05:03]} d6 {[%clk 0:04:33]} 5. f4 {[%clk 0:05:03]} exf4 {[%clk 0:04:33]}
6. Bxf4 {[%clk 0:05:03]} Be6 {[%clk 0:04:26]} 7. Nd5 {[%clk 0:04:49]} Bxd5
{[%clk 0:04:13]} 8. exd5 {[%clk 0:04:32]} Qe7+ {[%clk 0:03:39]} 9. Qe2
{[%clk 0:04:25]} Qxe2+ {[%clk 0:03:26]} 10. Nxe2 {[%clk 0:04:17]} Ne5
{[%clk 0:03:26]} 11. Bb5+ {[%clk 0:04:09]} Nfd7 {[%clk 0:03:26]} 12. O-O
{[%clk 0:03:51]} f6 {[%clk 0:02:38]} 13. d4 {[%clk 0:03:27]} Ng6 {[%clk 0:02:35]}
14. Bg3 {[%clk 0:03:27]} O-O-O {[%clk 0:02:23]} 15. a4 {[%clk 0:03:25]} Nb6
{[%clk 0:02:06]} 16. c4 {[%clk 0:02:49]} a6 {[%clk 0:01:59]} 17. a5 Nxd5
{[%clk 0:01:32]} 18. Bxa6 {[%clk 0:02:16]} Ne3 {[%clk 0:00:56]} 19. Rf3
{[%clk 0:02:16]} Nc2 {[%clk 0:00:55]} 20. Rc1 {[%clk 0:02:12]} Nxd4
{[%clk 0:00:52]} 21. Bxb7+ {[%clk 0:02:10]} Kxb7 {[%clk 0:00:52]} 22. Nxd4
{[%clk 0:02:10]} Ne5 {[%clk 0:00:47]} 23. Rb3+ {[%clk 0:02:02]} Ka6
{[%clk 0:00:29]} 24. Ne6 {[%clk 0:01:44]} Rc8 {[%clk 0:00:23]} 25. c5
{[%clk 0:01:40]} dxc5 {[%clk 0:00:23]} 26. Bxe5 {[%clk 0:01:31]} fxe5
{[%clk 0:00:20]} 27. Nxc5+ {[%clk 0:01:31]} Bxc5+ {[%clk 0:00:20]} 28. Rxc5
{[%clk 0:01:31]} Rhe8 {[%clk 0:00:18]} 29. Re3 {[%clk 0:01:29]} Rb8
{[%clk 0:00:15]} 30. b3 {[%clk 0:01:17]} Rb5 {[%clk 0:00:15]} 31. Rxc7
{[%clk 0:01:09]} Kxa5 {[%clk 0:00:15]} 32. Rxg7 {[%clk 0:01:06]} h5
{[%clk 0:00:15]} 33. h4 {[%clk 0:00:58]} e4 {[%clk 0:00:14]} 34. Kh2
{[%clk 0:00:51]} Rd5 {[%clk 0:00:13]} 35. Rg5 {[%clk 0:00:44]} Rxg5
{[%clk 0:00:12]} 36. hxg5 {[%clk 0:00:44]} Rg8 {[%clk 0:00:12]} 37. Rxe4
{[%clk 0:00:40]} Rxg5 {[%clk 0:00:12]} 38. g3 {[%clk 0:00:33]} Kb6
{[%clk 0:00:11]} 39. Kh3 {[%clk 0:00:32]} Kc5 {[%clk 0:00:11]} 40. Kh4
{[%clk 0:00:31]} Rd5 {[%clk 0:00:11]} 41. Ra4 {[%clk 0:00:24]} Kd6
{[%clk 0:00:11]} 42. b4 {[%clk 0:00:15]} Rd1 {[%clk 0:00:05]} 43. Kxh5
{[%clk 0:00:15]} Rh1+ {[%clk 0:00:05]} 44. Kg5 {[%clk 0:00:15]} Kc6
{[%clk 0:00:05]} 45. Ra8 {[%clk 0:00:15]} Rb1 {[%clk 0:00:05]} 46. Rd8
{[%clk 0:00:10]} Rxb4 {[%clk 0:00:05]} 47. g4 {[%clk 0:00:10]} Kc7
{[%clk 0:00:05]} 48. Rd2 {[%clk 0:00:10]} Rb6 {[%clk 0:00:05]} 49. Kf5
{[%clk 0:00:10]} Rd6 {[%clk 0:00:04]} 50. Rxd6 {[%clk 0:00:10]} Kxd6
{[%clk 0:00:04]} 51. Kf6 {[%clk 0:00:10]} 0-1

[Event "12e Open de Quenza"]
[Site "Quenza"]
[Date "2023.07.23"]
[Round "5.1"]
[White "Fressinet, Laurent"]
[Black "Maurizzi, Marc Andria"]
[Result "1-0"]
[BlackElo "2556"]
[WhiteElo "2652"]
[LiveChessVersion "1.4.6"]

1. d4 {[%clk 0:05:03]} Nf6 {[%clk 0:05:03]} 2. Nf3 {[%clk 0:05:03]} g6
{[%clk 0:04:54]} 3. Nbd2 {[%clk 0:05:03]} d5 {[%clk 0:04:46]} 4. e3
{[%clk 0:05:03]} a5 {[%clk 0:04:46]} 5. c4 {[%clk 0:04:59]} e6 {[%clk 0:04:46]}
6. Be2 {[%clk 0:04:53]} Bg7 {[%clk 0:04:46]} 7. b3 {[%clk 0:04:45]} O-O
{[%clk 0:04:46]} 8. Ba3 {[%clk 0:04:44]} Re8 {[%clk 0:04:46]} 9. O-O
{[%clk 0:04:44]} b6 {[%clk 0:04:37]} 10. Ne5 {[%clk 0:04:35]} Nfd7
{[%clk 0:04:05]} 11. f4 {[%clk 0:04:24]} c5 {[%clk 0:04:05]} 12. Bf3
{[%clk 0:04:12]} Bb7 {[%clk 0:04:03]} 13. cxd5 {[%clk 0:04:09]} exd5
{[%clk 0:03:38]} 14. Ndc4 {[%clk 0:04:09]} Qc7 {[%clk 0:03:04]} 15. Nxd7
{[%clk 0:03:34]} Nxd7 {[%clk 0:03:04]} 16. Ne5 {[%clk 0:03:34]} c4
{[%clk 0:02:14]} 17. bxc4 {[%clk 0:03:34]} Nxe5 {[%clk 0:01:52]} 18. fxe5
{[%clk 0:03:28]} dxc4 {[%clk 0:01:41]} 19. Qa4 {[%clk 0:02:58]} c3
{[%clk 0:00:22]} 20. Bd6 {[%clk 0:02:39]} Qc8 {[%clk 0:00:22]} 21. Rac1
{[%clk 0:02:23]} Bh6 {[%clk 0:00:16]} 22. Bxb7 {[%clk 0:02:10]} Qxb7
{[%clk 0:00:13]} 23. Rxc3 {[%clk 0:02:09]} Rac8 {[%clk 0:00:13]} 24. Rc7
{[%clk 0:01:40]} Bxe3+ {[%clk 0:00:13]} 25. Kh1 {[%clk 0:01:40]} Qd5
{[%clk 0:00:13]} 26. Qd7 {[%clk 0:01:30]} Qe6 {[%clk 0:00:07]} 27. d5
{[%clk 0:00:33]} Qxd7 {[%clk 0:00:05]} 28. Rxd7 {[%clk 0:00:33]} Rcd8
{[%clk 0:00:05]} 29. Rfxf7 {[%clk 0:00:29]} Rxd7 {[%clk 0:00:05]} 30. Rxd7
{[%clk 0:00:29]} Rc8 {[%clk 0:00:04]} 31. g4 {[%clk 0:00:22]} Rc1+
{[%clk 0:00:04]} 32. Kg2 {[%clk 0:00:22]} Rd1 {[%clk 0:00:04]} 33. e6
{[%clk 0:00:22]} Bg5 {[%clk 0:00:04]} 34. Bg3 {[%clk 0:00:16]} Rd2+
{[%clk 0:00:04]} 35. Kf3 {[%clk 0:00:16]} Rd3+ {[%clk 0:00:04]} 36. Ke2
{[%clk 0:00:16]} Re3+ {[%clk 0:00:04]} 37. Kf1 {[%clk 0:00:16]} Re4
{[%clk 0:00:04]} 38. h4 {[%clk 0:00:16]} 1-0

[Event "12e Open de Quenza"]
[Site "Quenza"]
[Date "2023.07.23"]
[Round "5.2"]
[White "Kosteniuk, Alexandra"]
[Black "Bellahcene, Bilel"]
[Result "0-1"]
[BlackElo "2520"]
[WhiteElo "2532"]
[LiveChessVersion "1.4.6"]

1. e4 {[%clk 0:05:03]} c5 {[%clk 0:05:03]} 2. c3 {[%clk 0:05:03]} d5
{[%clk 0:05:03]} 3. exd5 {[%clk 0:05:03]} Qxd5 {[%clk 0:05:03]} 4. d4
{[%clk 0:05:03]} Nc6 {[%clk 0:04:59]} 5. Nf3 {[%clk 0:05:03]} Bf5
{[%clk 0:04:59]} 6. Be3 {[%clk 0:04:49]} cxd4 {[%clk 0:04:56]} 7. Nxd4
{[%clk 0:04:47]} Nxd4 {[%clk 0:04:52]} 8. cxd4 {[%clk 0:04:47]} Bd7
{[%clk 0:04:25]} 9. Nc3 {[%clk 0:04:47]} Qa5 {[%clk 0:04:25]} 10. Qb3
{[%clk 0:04:38]} Rc8 {[%clk 0:03:19]} 11. Bc4 {[%clk 0:04:02]} e6
{[%clk 0:03:19]} 12. d5 {[%clk 0:03:59]} Bb4 {[%clk 0:02:35]} 13. dxe6
{[%clk 0:02:13]} fxe6 {[%clk 0:02:23]} 14. O-O {[%clk 0:01:47]} Ne7
{[%clk 0:02:20]} 15. Bxe6 {[%clk 0:01:40]} Bxe6 {[%clk 0:02:20]} 16. Qxe6
{[%clk 0:01:40]} Rc6 {[%clk 0:02:20]} 17. Qb3 {[%clk 0:01:32]} b6
{[%clk 0:02:02]} 18. Bd4 {[%clk 0:01:29]} Bd6 {[%clk 0:01:38]} 19. Nb5
{[%clk 0:01:22]} a6 {[%clk 0:01:27]} 20. Nxd6+ {[%clk 0:01:21]} Rxd6
{[%clk 0:01:27]} 21. Bxg7 {[%clk 0:01:21]} Rg8 {[%clk 0:01:27]} 22. Bc3
{[%clk 0:01:00]} Qh5 {[%clk 0:01:27]} 23. Qa4+ {[%clk 0:00:59]} b5
{[%clk 0:01:25]} 24. Qe4 {[%clk 0:00:59]} Rh6 {[%clk 0:01:17]} 25. Be5
{[%clk 0:00:58]} Re6 {[%clk 0:00:46]} 26. Rfe1 {[%clk 0:00:58]} Nc6
{[%clk 0:00:12]} 27. f4 {[%clk 0:00:56]} Nxe5 {[%clk 0:00:09]} 28. fxe5
{[%clk 0:00:54]} Rh6 {[%clk 0:00:09]} 29. h3 {[%clk 0:00:33]} Qxh3
{[%clk 0:00:05]} 30. Qa8+ {[%clk 0:00:33]} Ke7 {[%clk 0:00:05]} 31. Qxg8
{[%clk 0:00:29]} Qh2+ {[%clk 0:00:05]} 32. Kf2 {[%clk 0:00:24]} Qf4+
{[%clk 0:00:05]} 33. Ke2 {[%clk 0:00:17]} Qe4+ {[%clk 0:00:05]} 34. Kd2
{[%clk 0:00:16]} Qd4+ {[%clk 0:00:05]} 35. Kc2 {[%clk 0:00:16]} Rc6+
{[%clk 0:00:05]} 0-1

[Event "12e Open de Quenza"]
[Site "Quenza"]
[Date "2023.07.23"]
[Round "5.3"]
[White "Van Wely, Loek"]
[Black "Glek, Igor"]
[Result "1-0"]
[BlackElo "2410"]
[WhiteElo "2644"]
[LiveChessVersion "1.4.6"]

1. d4 {[%clk 0:05:03]} f5 {[%clk 0:05:03]} 2. Nf3 {[%clk 0:05:03]} Nf6
{[%clk 0:05:03]} 3. Bf4 {[%clk 0:05:03]} d6 {[%clk 0:05:02]} 4. h3
{[%clk 0:05:03]} g6 {[%clk 0:05:01]} 5. e3 {[%clk 0:05:03]} Bg7 {[%clk 0:05:01]}
6. Be2 {[%clk 0:05:03]} O-O {[%clk 0:04:58]} 7. O-O {[%clk 0:05:03]} Ne4
{[%clk 0:04:42]} 8. Nbd2 {[%clk 0:04:28]} Nxd2 {[%clk 0:04:14]} 9. Qxd2
{[%clk 0:04:28]} e6 {[%clk 0:03:55]} 10. c4 {[%clk 0:04:16]} h6 {[%clk 0:03:55]}
11. Rac1 {[%clk 0:04:11]} Nc6 {[%clk 0:03:00]} 12. d5 {[%clk 0:04:00]} Ne5
{[%clk 0:03:00]} 13. Nd4 {[%clk 0:03:58]} Qe7 {[%clk 0:02:50]} 14. Bh2
{[%clk 0:03:43]} Bd7 {[%clk 0:02:29]} 15. Rfd1 {[%clk 0:03:24]} Rad8
{[%clk 0:02:12]} 16. Qa5 {[%clk 0:02:54]} b6 {[%clk 0:02:07]} 17. Qa3
{[%clk 0:02:23]} a5 {[%clk 0:01:39]} 18. dxe6 {[%clk 0:02:19]} Be8
{[%clk 0:01:35]} 19. f4 {[%clk 0:02:02]} Nc6 {[%clk 0:01:35]} 20. Bf3
{[%clk 0:02:02]} Nb4 {[%clk 0:01:35]} 21. Qb3 {[%clk 0:01:57]} c5
{[%clk 0:01:19]} 22. Nb5 {[%clk 0:01:42]} Qxe6 {[%clk 0:01:02]} 23. Nc7
{[%clk 0:00:51]} Qe7 {[%clk 0:01:00]} 24. Nd5 {[%clk 0:00:40]} Nxd5
{[%clk 0:00:56]} 25. Bxd5+ Bf7 26. Bg3 {[%clk 0:00:34]} Bxd5 {[%clk 0:00:53]} 27.
Rxd5 {[%clk 0:00:34]} Rfe8 {[%clk 0:00:53]} 28. Bf2 {[%clk 0:00:34]} Qc7
{[%clk 0:00:49]} 29. Rcd1 {[%clk 0:00:33]} Re6 {[%clk 0:00:49]} 30. R1d3
{[%clk 0:00:30]} Rde8 {[%clk 0:00:47]} 31. a4 {[%clk 0:00:30]} Bf8
{[%clk 0:00:42]} 32. g4 {[%clk 0:00:24]} fxg4 {[%clk 0:00:42]} 33. hxg4
{[%clk 0:00:24]} Re4 {[%clk 0:00:42]} 34. Kg2 {[%clk 0:00:10]} Qc8
{[%clk 0:00:41]} 35. Kf3 {[%clk 0:00:10]} h5 {[%clk 0:00:41]} 36. Rg5
{[%clk 0:00:10]} hxg4+ {[%clk 0:00:39]} 37. Rxg4 {[%clk 0:00:10]} Qf5
{[%clk 0:00:39]} 38. Rd5 {[%clk 0:00:10]} R4e5 {[%clk 0:00:35]} 39. Qd3
{[%clk 0:00:07]} Rxd5 {[%clk 0:00:33]} 40. Qxd5+ {[%clk 0:00:07]} Qxd5+
{[%clk 0:00:33]} 41. cxd5 {[%clk 0:00:07]} Kf7 {[%clk 0:00:33]} 42. e4
{[%clk 0:00:07]} b5 {[%clk 0:00:33]} 43. axb5 Rb8 44. e5 {[%clk 0:00:06]} Rxb5
{[%clk 0:00:33]} 45. e6+ {[%clk 0:00:06]} Kf6 {[%clk 0:00:31]} 46. Bh4+
{[%clk 0:00:06]} Kf5 {[%clk 0:00:26]} 47. Rg5+ Kf6 48. Rg1+ {[%clk 0:00:06]} Kf5
{[%clk 0:00:26]} 49. Rg5+ {[%clk 0:00:06]} Kf6 {[%clk 0:00:26]} 50. Re5+
{[%clk 0:00:06]} g5 {[%clk 0:00:22]} 51. Bxg5+ {[%clk 0:00:06]} Kg6
{[%clk 0:00:22]} 52. e7 {[%clk 0:00:06]} Bxe7 {[%clk 0:00:22]} 53. Rxe7
{[%clk 0:00:06]} Rxb2 {[%clk 0:00:22]} 54. Re6+ {[%clk 0:00:06]} Kf7
{[%clk 0:00:22]} 55. Rxd6 {[%clk 0:00:06]} a4 {[%clk 0:00:22]} 56. Rf6+
{[%clk 0:00:06]} Ke8 {[%clk 0:00:22]} 57. Ra6 {[%clk 0:00:06]} Rb3+
{[%clk 0:00:22]} 58. Ke4 {[%clk 0:00:06]} a3 {[%clk 0:00:22]} 59. Ra7
{[%clk 0:00:06]} c4 {[%clk 0:00:22]} 60. d6 {[%clk 0:00:06]} 1-0

[Event "12e Open de Quenza"]
[Site "Quenza"]
[Date "2023.07.23"]
[Round "5.4"]
[White "Travadon, Loic"]
[Black "Steil-Antoni, Fiona"]
[Result "1-0"]
[BlackElo "2159"]
[WhiteElo "2463"]
[LiveChessVersion "1.4.6"]

1. e4 e5 {[%clk 0:05:03]} 2. Nf3 {[%clk 0:05:01]} Nc6 {[%clk 0:05:03]} 3. Bc4
{[%clk 0:05:01]} Bc5 {[%clk 0:05:03]} 4. c3 {[%clk 0:05:01]} Nf6 {[%clk 0:05:03]}
5. d3 {[%clk 0:05:01]} d6 {[%clk 0:05:03]} 6. Nbd2 {[%clk 0:05:01]} a6
{[%clk 0:05:01]} 7. Bb3 {[%clk 0:05:01]} O-O {[%clk 0:04:55]} 8. h3
{[%clk 0:05:01]} Ba7 {[%clk 0:04:48]} 9. Nf1 {[%clk 0:05:01]} d5 {[%clk 0:04:29]}
10. Qe2 {[%clk 0:05:01]} dxe4 {[%clk 0:04:21]} 11. dxe4 {[%clk 0:05:01]} Be6
{[%clk 0:04:12]} 12. Ng3 {[%clk 0:05:01]} Bxb3 {[%clk 0:03:40]} 13. axb3
{[%clk 0:05:01]} Qd6 {[%clk 0:03:29]} 14. Bg5 {[%clk 0:04:46]} Qe6
{[%clk 0:04:44]} 15. O-O {[%clk 0:04:43]} Rfe8 {[%clk 0:03:09]} 16. b4
{[%clk 0:04:24]} Bb6 {[%clk 0:02:37]} 17. Nd2 {[%clk 0:04:15]} Ne7
{[%clk 0:02:25]} 18. Nc4 {[%clk 0:04:07]} Ng6 {[%clk 0:02:20]} 19. Nxb6
{[%clk 0:04:07]} Qxb6 {[%clk 0:02:20]} 20. Qf3 {[%clk 0:04:07]} Re6
{[%clk 0:01:50]} 21. Rfd1 {[%clk 0:04:05]} Rae8 {[%clk 0:01:29]} 22. Ra5
{[%clk 0:03:57]} Qa7 {[%clk 0:01:15]} 23. Nf5 {[%clk 0:03:45]} Nf4
{[%clk 0:01:01]} 24. Kh2 {[%clk 0:03:24]} h6 {[%clk 0:00:55]} 25. Bxf6
{[%clk 0:02:40]} Rxf6 {[%clk 0:00:51]} 26. g3 {[%clk 0:02:40]} Ng6
{[%clk 0:00:50]} 27. Rd7 {[%clk 0:02:35]} Qb6 {[%clk 0:00:38]} 28. Kg2
{[%clk 0:02:31]} Ne7 {[%clk 0:00:32]} 29. Rxe7 {[%clk 0:02:30]} Rxe7
{[%clk 0:00:28]} 30. Nxe7+ {[%clk 0:02:30]} Kf8 {[%clk 0:00:28]} 31. Nd5
{[%clk 0:01:57]} 1-0

[Event "12e Open de Quenza"]
[Site "Quenza"]
[Date "2023.07.23"]
[Round "5.5"]
[White "Crapulli, Giuseppe"]
[Black "Tregubov, Pavel V."]
[Result "0-1"]
[BlackElo "2567"]
[WhiteElo "1878"]
[LiveChessVersion "1.4.6"]

1. e4 {[%clk 0:05:03]} c5 {[%clk 0:05:03]} 2. Nf3 {[%clk 0:05:03]} e6
{[%clk 0:05:03]} 3. d4 {[%clk 0:05:03]} cxd4 {[%clk 0:05:03]} 4. Nxd4
{[%clk 0:05:03]} Nf6 {[%clk 0:05:03]} 5. Nc3 {[%clk 0:05:03]} Nc6
{[%clk 0:05:03]} 6. Nxc6 {[%clk 0:05:03]} bxc6 {[%clk 0:05:03]} 7. e5
{[%clk 0:05:03]} Nd5 {[%clk 0:05:03]} 8. Ne4 {[%clk 0:05:03]} Bb7
{[%clk 0:05:03]} 9. f4 {[%clk 0:05:02]} c5 {[%clk 0:05:03]} 10. Nf2
{[%clk 0:04:37]} Be7 {[%clk 0:04:51]} 11. Be2 {[%clk 0:04:35]} O-O
{[%clk 0:04:51]} 12. O-O {[%clk 0:04:35]} d6 {[%clk 0:04:49]} 13. c4
{[%clk 0:04:31]} Nb4 {[%clk 0:04:48]} 14. a3 {[%clk 0:04:21]} Nc6
{[%clk 0:04:48]} 15. Bf3 {[%clk 0:04:21]} dxe5 {[%clk 0:04:38]} 16. fxe5
{[%clk 0:04:21]} Qxd1 {[%clk 0:04:08]} 17. Rxd1 {[%clk 0:04:21]} Rad8
{[%clk 0:04:08]} 18. Be3 {[%clk 0:04:01]} Ba8 {[%clk 0:04:04]} 19. Bxc6
{[%clk 0:03:38]} Bxc6 {[%clk 0:04:04]} 20. Nd3 {[%clk 0:03:34]} Ba4
{[%clk 0:04:03]} 21. Rd2 {[%clk 0:03:29]} Rd7 {[%clk 0:03:51]} 22. Kf2
{[%clk 0:03:21]} Rc8 {[%clk 0:03:13]} 23. Ke2 {[%clk 0:03:16]} f6
{[%clk 0:03:09]} 24. exf6 {[%clk 0:03:02]} gxf6 {[%clk 0:03:09]} 25. Rb1
{[%clk 0:02:57]} Bb3 {[%clk 0:03:02]} 26. Rc1 {[%clk 0:02:57]} Kf7
{[%clk 0:02:51]} 27. Rc3 {[%clk 0:02:57]} Rb7 {[%clk 0:02:46]} 28. g4
{[%clk 0:02:32]} a5 {[%clk 0:02:46]} 29. Nc1 {[%clk 0:02:29]} Ba4
{[%clk 0:02:46]} 30. b3 {[%clk 0:02:29]} Bc6 {[%clk 0:02:33]} 31. a4
{[%clk 0:02:22]} Rcb8 {[%clk 0:02:27]} 32. Rb2 {[%clk 0:02:00]} Bxa4
{[%clk 0:02:19]} 33. Rd3 {[%clk 0:01:42]} Bc6 {[%clk 0:02:16]} 0-1

[Event "12e Open de Quenza"]
[Site "Quenza"]
[Date "2023.07.23"]
[Round "5.6"]
[White "Kuzmicz, Krystian"]
[Black "Bouslimi, Nabil"]
[Result "1-0"]
[BlackElo "2087"]
[WhiteElo "2466"]
[LiveChessVersion "1.4.6"]

1. e4 {[%clk 0:05:03]} e6 {[%clk 0:05:03]} 2. d3 {[%clk 0:05:03]} d5
{[%clk 0:05:03]} 3. Nd2 {[%clk 0:05:03]} c5 {[%clk 0:05:01]} 4. g3
{[%clk 0:05:03]} Nc6 {[%clk 0:05:01]} 5. Bg2 {[%clk 0:05:03]} g6 {[%clk 0:04:36]}
6. f4 {[%clk 0:05:03]} Bg7 {[%clk 0:04:36]} 7. Ne2 {[%clk 0:05:01]} Nge7
{[%clk 0:04:36]} 8. O-O {[%clk 0:05:01]} f5 {[%clk 0:04:34]} 9. c3
{[%clk 0:04:40]} b5 {[%clk 0:04:33]} 10. Nf3 {[%clk 0:04:31]} O-O
{[%clk 0:04:18]} 11. Be3 {[%clk 0:04:26]} d4 {[%clk 0:04:11]} 12. cxd4 cxd4
{[%clk 0:03:56]} 13. Bf2 {[%clk 0:04:24]} fxe4 {[%clk 0:03:51]} 14. dxe4
{[%clk 0:04:24]} d3 {[%clk 0:03:31]} 15. Nc3 {[%clk 0:04:24]} b4 {[%clk 0:03:29]}
16. Na4 {[%clk 0:04:24]} Ba6 {[%clk 0:03:22]} 17. Nc5 {[%clk 0:04:23]} Qc8
{[%clk 0:02:24]} 18. e5 {[%clk 0:04:14]} Rd8 {[%clk 0:01:51]} 19. Ng5
{[%clk 0:04:02]} Nd4 {[%clk 0:01:27]} 20. Bxd4 {[%clk 0:03:56]} Rxd4
{[%clk 0:01:27]} 21. Ncxe6 {[%clk 0:03:55]} Nf5 {[%clk 0:01:17]} 22. Nxd4
{[%clk 0:03:20]} Nxd4 {[%clk 0:01:17]} 23. Qd2 {[%clk 0:03:09]} Qc5
{[%clk 0:01:01]} 24. Kh1 {[%clk 0:03:03]} Re8 {[%clk 0:00:26]} 25. Rac1
{[%clk 0:03:03]} Nc2 {[%clk 0:00:25]} 26. Ne4 {[%clk 0:02:52]} Qd4
{[%clk 0:00:23]} 27. Rxc2 {[%clk 0:02:52]} Bb7 {[%clk 0:00:23]} 28. Re1
{[%clk 0:02:33]} Bxe5 {[%clk 0:00:21]} 29. fxe5 {[%clk 0:01:43]} Rxe5
{[%clk 0:00:05]} 30. Rcc1 {[%clk 0:01:34]} Rxe4 {[%clk 0:00:05]} 31. Bxe4
{[%clk 0:01:21]} Bxe4+ {[%clk 0:00:05]} 32. Rxe4 {[%clk 0:01:21]} Qxe4+
{[%clk 0:00:05]} 33. Qg2 {[%clk 0:01:17]} d2 {[%clk 0:00:05]} 34. Rc8+
{[%clk 0:00:43]} Kg7 {[%clk 0:00:04]} 35. Qxe4 {[%clk 0:00:43]} d1=Q+
{[%clk 0:00:04]} 36. Kg2 {[%clk 0:00:43]} Qd2+ {[%clk 0:00:04]} 37. Kh3
{[%clk 0:00:31]} Qd7+ {[%clk 0:00:04]} 38. Qg4 {[%clk 0:00:31]} Qd3
{[%clk 0:00:04]} 39. Rc7+ {[%clk 0:00:31]} Kf8 {[%clk 0:00:04]} 1-0